Resistencia de la juventud intelectual contra la tiranía en el continente chino / (Record no. 133982)

MARC details
000 -LEADER
campo de control de longitud fija 00552nam a2200169 i 4500
001 - NÚMERO DE CONTROL
campo de control 133982
003 - IDENTIFICADOR DE NÚMERO DE CONTROL
campo de control ES-MaACL
005 - FECHA Y HORA DE LA ÚLTIMA TRANSACCIÓN
campo de control 20230906194555.0
007 - CAMPO FIJO DE DESCRIPCIÓN FÍSICA--INFORMACIÓN GENERAL
campo de control de longitud fija t|
008 - DATOS DE LONGITUD FIJA--INFORMACIÓN GENERAL
campo de control de longitud fija 070904s1981 sp ||||1| spa d
100 1# - ENTRADA PRINCIPAL--NOMBRE DE PERSONA
Nombre de persona Wang Hsiao-hsien.
9 (RLIN) 116049
245 10 - MENCIÓN DEL TÍTULO
Título Resistencia de la juventud intelectual contra la tiranía en el continente chino /
Mención de responsabilidad, etc. por Wang Hsiao-hsien.
260 ## - PUBLICACIÓN, DISTRIBUCIÓN, ETC.
Lugar de publicación, distribución, etc. [S.l.] :
Nombre del editor, distribuidor, etc. Liga Mundial Anticomunista,
Fecha de publicación, distribución, etc. 1981.
300 ## - DESCRIPCIÓN FÍSICA
Extensión 31 p. ;
Dimensiones 19 cm.
710 2# - ENTRADA AGREGADA--NOMBRE DE ENTIDAD CORPORATIVA
Nombre de entidad corporativa o nombre de jurisdicción como elemento de entrada Liga Mundial Anticomunista.
9 (RLIN) 5537
852 ## - LOCALIZACIÓN
Ubicación ES-MaACL
Número de control de estantería 2111-F-24
Sublocalización o colección R.101888
Holdings
Estatus retirado Estado de pérdida Estado de daño No para préstamo Colección Biblioteca de origen Biblioteca actual Ubicación en estantería Fecha de adquisición Fuente de adquisición Total de préstamos Signatura topográfica completa Código de barras Visto por última vez Precio de reemplazo Tipo de ítem Koha
        Colección de folletos Biblioteca del Ateneo de Madrid Biblioteca del Ateneo de Madrid Depósito folletos 17/01/2008     2111-F-24 1139466 23/02/2023 23/02/2023 Folleto